Eyewitness companion: astrology (Record no. 180674)

MARC details
000 -LEADER
fixed length control field 00606nam a2200229Ia 4500
008 - FIXED-LENGTH DATA ELEMENTS--GENERAL INFORMATION
fixed length control field 191130s2007##################000#0#eng##
020 ## - INTERNATIONAL STANDARD BOOK NUMBER
ISBN 9781405321983
082 ## - DEWEY DECIMAL CLASSIFICATION NUMBER
Classification number 133.5 JUL
100 ## - MAIN ENTRY--AUTHOR NAME
Personal name Parker, Julia
245 ## - TITLE STATEMENT
Title Eyewitness companion: astrology
Statement of responsibility, etc Julia & Derek Parker
250 ## - EDITION STATEMENT
Edition statement 1st ed
260 ## - PUBLICATION, DISTRIBUTION, ETC. (IMPRINT)
Place of publication New York
Name of publisher DK Pub
Year of publication c2007
300 ## - PHYSICAL DESCRIPTION
Number of Pages 352 p. : col. ill. ; 22 cm
500 ## - GENERAL NOTE
General note Includes index
650 ## - SUBJECT ADDED ENTRY--TOPICAL TERM
Topical Term Astrology
700 ## - ADDED ENTRY--PERSONAL NAME
Personal name Parker, Derek
991 ## -
-- 175266
Holdings
Withdrawn status Lost status Damaged status Not for loan Home library Current library Shelving location Date acquired Full call number Accession Number Price effective from Koha item type
        Anna Centenary Library Anna Centenary Library 3RD FLOOR, A WING 13.10.2020 133.5 JUL 505698 13.10.2020 English Books

Find us on the map